| 000 | 01788nam a2200409 a 4500 | ||
|---|---|---|---|
| 001 | ebr10575501 | ||
| 003 | CaPaEBR | ||
| 006 | m u | ||
| 007 | cr cn||||||||| | ||
| 008 | 791102s1979 ne ad sb 101 0 eng d | ||
| 010 | _z 79020804 | ||
| 020 | _z0444901019 (Elsevier/North Holland) | ||
| 020 | _z9021940760 | ||
| 020 | _z9780470663813 | ||
| 020 | _z9780470718216 (e-book) | ||
| 040 |
_aCaPaEBR _cCaPaEBR |
||
| 035 | _a(OCoLC)631458858 | ||
| 050 | 1 | 4 |
_aQP145 _b.S95 1979eb |
| 082 | 0 | 4 | _a599/.01/32 |
| 111 | 2 |
_aSymposium on Development of Mammalian Absorptive Processes _d(1979 : _cLondon, England) |
|
| 245 | 1 | 0 |
_aDevelopment of mammalian absorptive processes _h[electronic resource] / _c[editors, Katherine Elliott (organizer) and Julie Whelan]. |
| 260 |
_aAmsterdam ; _aNew York : _bExcerpta Medica, _c1979. |
||
| 300 |
_axi, 338 p. : _bill. |
||
| 490 | 1 |
_aCiba Foundation symposium (new series) ; _v70 |
|
| 500 | _a"Symposium on Development of Mammalian Absorptive Processes, held at the Ciba Foundation, London, 16th-18th January 1979"--Participants page. | ||
| 504 | _aIncludes bibliographical references and indexes. | ||
| 533 |
_aElectronic reproduction. _bPalo Alto, Calif. : _cebrary, _d2011. _nAvailable via World Wide Web. _nAccess may be limited to ebrary affiliated libraries. |
||
| 650 | 0 |
_aDigestion _vCongresses. |
|
| 650 | 0 |
_aIntestinal absorption _vCongresses. |
|
| 650 | 0 |
_aMammals _xPhysiology _vCongresses. |
|
| 655 | 7 |
_aElectronic books. _2local |
|
| 700 | 1 | _aElliott, Katherine May. | |
| 700 | 1 | _aWhelan, Julie. | |
| 710 | 2 | _aebrary, Inc. | |
| 830 | 0 |
_aCiba Foundation symposium ; _vnew ser. 70. |
|
| 856 | 4 | 0 |
_uhttp://site.ebrary.com/lib/rucke/Doc?id=10575501 _zAn electronic book accessible through the World Wide Web; click to view |
| 999 |
_c78154 _d78154 |
||